000 00758nam a2200229Ia 4500
003 GCL
005 20240530102408.0
008 140319s9999 xx 000 0 ara d
040 _aGCL /
_cGCL
082 0 4 _a810.8005
_bم ك
100 1 _aالمبرد ,ابوالعباس محمد بن يزيد
245 1 0 _aكتاب التعازى والمراثى /
_cالمبرد ,ابوالعباس محمد بن يزيد
260 _a[S.N] :
_bدار صادر ،
_c1992
300 _a431
650 0 4 _aالادب العربى
650 0 4 _aشعر الرثاء
650 0 4 _aالبلاغة العربية
650 0 4 _aالدولة العباسية الثانية
650 0 4 _aالمجموعات
700 1 _aمحمد الديباجى
942 _2ddc
_cBK
999 _c31944
_d31944